[Event "Stay Safe Play From Home 138"]
[Site "T#645932Emanuel Laske"]
[Date "2020.05.10"]
[Round "2"]
[White "Apitzsch"]
[Black "Timbre"]
[Result "1-0"]
[WhiteElo "1941"]
[BlackElo "1641"]
[Annotator "TA"]
[PlyCount "63"]
[EventDate "2020.05.10"]
[EventType "swiss (blitz)"]

{[%evp 9,62,-43,-43,-45,-37,-39,-31,-50,-40,-63,-62,-60,-58,-61,-4,-66,-7,0,0,0,0,-50,0,-42,-36,-80,-83,-130,-31,-33,-13,-128,-128,-149,-150,-174,-168,-175,-115,-115,-110,-153,-59,-104,-40,-35,8,8,7,0,29992,29993,29999,623,29999]} 1. e4 c6 2. d4 d5 3. c4 dxe4 4. Nc3 Nf6 5. f3 exf3 6. Nxf3 {B12: Caro-Kann: Advance Variation.} Bg4 7. Be2 e6 8. O-O {Black is slightly better.} Be7 9. Bf4 O-O 10. Qd2 Nbd7 {[#]} 11. Rad1 $146 ({Predecessor:} 11. Bd3 Bf5 12. Rae1 Bxd3 13. Qxd3 Qa5 14. a3 Qh5 15. h3 a6 16. Qd2 h6 17. Kh1 {½-½ (48) Matic,D (2304)-Yasakov,I (2249) IECG email 2003}) 11... Nb6 (11... Bf5 $15) 12. b3 (12. Ne5 $11 Bxe2 13. Qxe2) 12... Qe8 ({Black should play} 12... Nbd7 $15) 13. Ne5 $11 Bxe2 14. Qxe2 Nbd7 15. Rf3 Nxe5 16. Bxe5 Nd7 17. Rg3 Nxe5 18. dxe5 g6 (18... Rd8 $17 19. Rf1 Bc5+ 20. Kh1 Bd4) 19. Ne4 $15 Rd8 20. Rf1 {[#]} (20. Nd6 $11 Qd7 21. Rgd3) 20... Qd7 $1 $17 21. Nf6+ Bxf6 $1 22. exf6 Qd4+ 23. Kh1 e5 (23... Rd7 $19 24. h3 Rfd8) 24. h3 e4 25. Qg4 h6 (25... Rd6 $17 {aiming for ...Re8.} 26. Qg5 Re8) 26. h4 Kh7 ({Better is} 26... Qe5 $17 {Threatens to win with ...e3.} 27. Qf4 Qxf4 28. Rxf4 Rfe8 29. Rxg6+ fxg6 30. f7+ Kg7 31. fxe8=B Rxe8) 27. h5 $15 {[%cal Rh5g6]} g5 28. Qf5+ $1 Kh8 $1 {[#] ...e3 is the strong threat.} 29. Rxg5 $1 $40 {[%mdl 640] White threatens Rg7 and mate. White has some attack.} hxg5 $4 {[%mdl 8192]} (29... Rg8 $11 30. Rg7 Rxg7 31. fxg7+ {[%mdl 64] Discovered Attack} Qxg7) 30. Qxg5 {[%csl Gf6][%cal Rg5g7]} Qd2 31. Rf4 (31. Qg7# $142) 31... Rd3 32. Qg7# {Accuracy: White = 62%, Black = 57%.} 1-0

[Event "Stay Safe Play From Home 138"]
[Site "T#645932Emanuel Laske"]
[Date "2020.05.10"]
[Round "2"]
[White "Haris kollari 13"]
[Black "Ortznoi"]
[Result "0-1"]
[WhiteElo "1921"]
[BlackElo "1887"]
[Annotator "TA"]
[PlyCount "56"]
[EventDate "2020.05.10"]
[EventType "swiss (blitz)"]

{[%evp 13,55,-8,3,-41,74,-63,-37,-27,-5,-3,7,0,44,18,25,-29,0,0,0,0,0,-37,0,-99,-101,-108,-64,-223,-118,-119,-116,-472,-498,-454,-93,-381,-375,-940,-903,-29984,-29974,-29998,-29999,-29999]} 1. e4 c5 2. Nf3 d6 3. d4 cxd4 4. Nxd4 Nf6 5. Nc3 a6 6. f4 e5 7. Nf3 Nbd7 8. h3 {[#] B93: Sicilian Najdorf: 6 f4.} Nh5 $146 (8... b5 $15 {keeps the upper hand.}) ({Predecessor:} 8... b5 9. Bd3 Bb7 10. Qe2 Be7 11. Be3 O-O 12. O-O b4 13. Nd5 Bxd5 14. exd5 e4 15. Bd4 exd3 16. Qxd3 {0-1 (35) Berti Contreras,L (2133)-Cernousek,L (2442) ICC INT 2009}) 9. f5 (9. Bc4 $16 {Black must now prevent Ng5.} Nxf4 10. Bxf4 exf4 11. Qd4) 9... Ng3 10. Rg1 {Black is slightly better.} Nxf1 (10... Be7 {seems wilder.} 11. Bd3 b5 12. Be3 Bb7 13. Nd2 b4) 11. Rxf1 Be7 12. Be3 O-O 13. Qd2 b5 14. O-O-O (14. g4 $142) 14... Bb7 15. Nd5 Bxd5 16. Qxd5 Qc7 17. g4 Rfc8 {[%csl Gc8][%cal Rc7c2]} (17... Nf6 {is interesting.} 18. Qd3 d5 19. exd5 Rac8 20. d6 Bxd6 21. Kb1 e4) 18. Rd2 (18. Qd3 $11) 18... Nf6 $17 {[%cal Bd7f6,Bf6d5,Bd5e3][%mdl 32]} 19. Qd3 d5 20. Ng5 $2 (20. exd5 $15 Bb4 21. Rdf2) 20... Rd8 ({Black should try} 20... Bb4 $19 21. Re2 h6 22. exd5 hxg5 23. Bxg5 Bd6 24. Bxf6 gxf6) 21. exd5 Nxd5 {aiming for ...Nf4.} ({Much worse is} 21... Rxd5 $6 22. Qb3 $11) 22. Qe2 $2 {[%mdl 8192]} (22. f6 $17 Nxf6 23. Qb3) 22... Nxe3 $19 23. Qxe3 Rac8 $2 $40 {[%mdl 128] Black wants a kill.} (23... Rxd2 $19 24. Qxd2 {[#]} Qc4 $1 {[%mdl 512]}) 24. Rff2 $2 {[%mdl 8192]} (24. Re2 $17) 24... Bc5 25. Rxd8+ $2 (25. Qe1 Bxf2 26. Rxf2) 25... Rxd8 26. Qc3 Bxf2 {Black mates.} 27. Qxc7 Be3+ {[%mdl 64] [#] Double Attack} 28. Kb1 Rd1# {Accuracy: White = 16%, Black = 42%.} 0-1

[Event "Stay Safe Play From Home 138"]
[Site "T#645932Emanuel Laske"]
[Date "2020.05.10"]
[Round "2"]
[White "Greblah"]
[Black "Zacko1"]
[Result "0-1"]
[WhiteElo "1770"]
[BlackElo "1846"]
[Annotator "NA RC"]
[PlyCount "82"]
[EventDate "2020.05.10"]
[EventType "swiss (blitz)"]

1. e4 {[%emt 0:00:01]} g6 {[%emt 0:00:00]} 2. d4 {[%emt 0:00:02]} Bg7 {[%emt 0:00:00]} 3. Nc3 {[%emt 0:00:01]} d6 {[%emt 0:00:00]} 4. Be3 {[%emt 0:00:01]} c6 {[%emt 0:00:00]} 5. Qd2 {[%emt 0:00:03]} b5 {[%emt 0:00:00]} 6. f3 {[%emt 0:00:09]} b4 {[%emt 0:00:01]} 7. Nd1 {[%emt 0:00:06]} a5 {[%emt 0:00:01]} 8. Bc4 {[%emt 0:00:03]} h5 {[%emt 0:00:02]} 9. a3 {[%emt 0:00:03]} bxa3 {[%emt 0:00:04]} 10. Rxa3 {[%emt 0:00:04]} d5 {[%emt 0:00:01]} 11. Bd3 {[%emt 0:00:12]} dxe4 {[%emt 0:00:01]} 12. Bxe4 {[%emt 0:00:05]} Nf6 {[%emt 0:00:01]} 13. Ne2 {[%emt 0:00:20]} O-O {[%emt 0:00:13]} 14. O-O {[%emt 0:00:11]} Be6 {[%emt 0:00:09]} 15. Bd3 {[%emt 0:00:12]} Re8 {[%emt 0:00:07]} 16. Nf4 {[%emt 0:00:06]} Bc8 {[%emt 0:00:04]} 17. c3 {[%emt 0:00:09]} e5 {[%emt 0:00:07]} 18. dxe5 {[%emt 0:00:09]} Rxe5 {[%emt 0:00:02]} 19. Nxg6 {[%emt 0:00:25]} Rd5 {[%emt 0:00:15]} 20. Nf4 {[%emt 0:00:22]} Rd7 {[%emt 0:00:23]} 21. Qc2 {[%emt 0:00:03]} Ba6 {[%emt 0:00:03]} 22. Bxa6 {[%emt 0:00:03]} Rxa6 {[%emt 0:00:01]} 23. Bd4 {[%emt 0:00:04]} c5 {[%emt 0:00:02]} 24. Bxf6 {[%emt 0:00:08]} Qxf6 {[%emt 0:00:03]} 25. Nxh5 {[%emt 0:00:05]} Qg6 {[%emt 0:00:03]} 26. Nxg7 {[%emt 0:00:03]} Qxc2 {[%emt 0:00:01]} 27. Ne3 {[%emt 0:00:10]} Qd2 {[%emt 0:00:05]} 28. Nef5 {[%emt 0:00:06]} Rg6 {[%emt 0:00:03]} 29. g4 {[%emt 0:00:15]} Rxg7 {[%emt 0:00:03]} 30. Nxg7 {[%emt 0:00:02]} Kxg7 {[%emt 0:00:01]} 31. b4 {[%emt 0:00:06]} Qe3+ {[%emt 0:00:05]} 32. Kg2 {[%emt 0:00:01]} Rd2+ {[%emt 0:00:02]} 33. Kg3 {[%emt 0:00:01]} axb4 {[%emt 0:00:01]} 34. Ra8 {[%emt 0:00:08]} Nc6 {[%emt 0:00:01]} 35. cxb4 {[%emt 0:00:02]} cxb4 {[%emt 0:00:03]} 36. Rc8 {[%emt 0:00:03]} Nd4 {[%emt 0:00:04]} 37. h4 {[%emt 0:00:07]} Ne6 {[%emt 0:00:02]} 38. Rc4 {[%emt 0:00:07]} Qe2 {[%emt 0:00:02]} 39. g5 {[%emt 0:00:16]} Qxc4 {[%emt 0:00:04]} 40. Rg1 {[%emt 0:00:05]} Qf4+ {[%emt 0:00:03]} 41. Kh3 {[%emt 0:00:01]} Rh2# {[%emt 0:00:02] (Lag: Av=0.19s, max=0.3s)} 0-1

[Event "Stay Safe Play From Home 138"]
[Site "T#645932Emanuel Laske"]
[Date "2020.05.10"]
[Round "2"]
[White "Kongle"]
[Black "Nagaram"]
[Result "1-0"]
[WhiteElo "1725"]
[BlackElo "1361"]
[Annotator "NA RC"]
[PlyCount "47"]
[EventDate "2020.05.10"]
[EventType "swiss (blitz)"]

1. e4 {[%emt 0:00:06]} e5 {[%emt 0:00:01]} 2. Nf3 {[%emt 0:00:02]} Nc6 {[%emt 0:00:01]} 3. Bc4 {[%emt 0:00:03]} Nf6 {[%emt 0:00:01]} 4. Ng5 {[%emt 0:00:02]} d5 {[%emt 0:00:01]} 5. exd5 {[%emt 0:00:01]} Nd4 {[%emt 0:00:05]} 6. d6 {[%emt 0:00:15]} Qxd6 {[%emt 0:00:03]} 7. Nxf7 {[%emt 0:00:04]} Qc6 {[%emt 0:00:10]} 8. O-O {[%emt 0:00:10]} Qxc4 {[%emt 0:00:09]} 9. Nxh8 {[%emt 0:00:03]} Qg8 {[%emt 0:00:02]} 10. c3 {[%emt 0:00:09]} Nc6 {[%emt 0:00:02]} 11. d4 {[%emt 0:00:04]} exd4 {[%emt 0:00:01]} 12. Re1+ {[%emt 0:00:05]} Be7 {[%emt 0:00:02]} 13. cxd4 {[%emt 0:00:02]} Bf5 {[%emt 0:00:02]} 14. d5 {[%emt 0:00:10]} Nxd5 {[%emt 0:00:08]} 15. Bg5 {[%emt 0:00:04]} O-O-O {[%emt 0:00:07]} 16. Bxe7 {[%emt 0:00:06]} Ndxe7 {[%emt 0:00:11] Nagaram offers a draw} 17. Qf3 {[%emt 0:00:22]} Qxh8 {[%emt 0:00:05]} 18. Nc3 {[%emt 0:00:04]} g6 {[%emt 0:00:02]} 19. a4 {[%emt 0:00:07]} Ng8 {[%emt 0:00:16]} 20. a5 {[%emt 0:00:07]} Nb4 {[%emt 0:00:09]} 21. Nb5 {[%emt 0:00:23]} Nc2 {[%emt 0:00:17]} 22. Rec1 {[%emt 0:00:14]} Nxa1 {[%emt 0:00:02]} 23. Rxc7+ {[%emt 0:00:02] Nagaram offers a draw} Kb8 {[%emt 0:00:12]} 24. Qxb7# {[%emt 0:00:06] (Lag: Av=0.80s, max=1.5s)} 1-0

[Event "Stay Safe Play From Home 138"]
[Site "T#645932Emanuel Laske"]
[Date "2020.05.10"]
[Round "2"]
[White "Edmatuag"]
[Black "Sfantul321"]
[Result "0-1"]
[WhiteElo "1711"]
[BlackElo "2098"]
[Annotator "TA"]
[PlyCount "58"]
[EventDate "2020.05.10"]
[EventType "swiss (blitz)"]

{[%evp 9,58,52,70,62,75,72,80,38,71,59,88,0,89,73,109,34,64,-21,54,0,17,-123,-26,-40,37,8,35,33,43,-299,-351,-295,-81,-75,-77,-127,-34,-28,176,172,212,211,302,62,243,240,256,254,252,221,234]} 1. e4 g6 2. d4 d6 3. Be3 Bg7 4. Qd2 Nf6 5. Nc3 Ng4 6. Bf4 {B07: Pirc Defence: Miscellaneous Systems.} e5 7. dxe5 Nxe5 8. f3 {White is better.} O-O 9. O-O-O {[#]} Re8 $146 ({Predecessor:} 9... Be6 10. h4 Nbd7 11. h5 f6 12. hxg6 hxg6 13. Bh6 Nf7 14. Bxg7 Kxg7 15. Nge2 a6 {0-1 (27) Kirmas,J (1881)-Fleischer,M (1800) Binz 2011}) 10. Bb5 (10. h4 $16) 10... Bd7 (10... c6 $11 11. Be2 Be6) 11. Be2 $16 Nbc6 12. Be3 (12. Bh6 $16) 12... Be6 13. Kb1 ({White should play} 13. Bh6 $14) 13... a6 (13... Na5 $1 $11) 14. Nh3 (14. Bg5 $14 f6 15. Be3) 14... b5 15. b3 (15. Nf4 $11 {remains equal.}) 15... b4 (15... Nc4 $17 16. bxc4 bxc4) 16. Nd5 $11 a5 (16... Ne7 $15) 17. Nhf4 a4 (17... Bd7 {seems wilder.} 18. g4 a4 19. g5 Na7 20. Qxb4 Rb8) 18. Nxe6 ({Avoid the trap} 18. Nxb4 $2 axb3 19. cxb3 Bxb3 $1 $19 {[%mdl 512]}) 18... fxe6 19. Nxb4 $2 {[%mdl 8192]} (19. Bg5 $1 $14 {was forced to keep a grip.} Qb8 20. Nf6+ Bxf6 21. Bxf6 axb3 22. cxb3) 19... axb3 $19 20. cxb3 Qb8 $2 (20... Nxb4 $19 {is more deadly.} 21. Qxb4 Nc6) 21. Nxc6 $17 Nxc6 22. Bc4 {[#]} Nb4 (22... Ra3 $1 $17 {...Nb4 is the strong threat.} 23. Rc1 Nb4) 23. a4 $15 Kh8 $2 {[#]} (23... Nc6 $11 24. Ka2 Qb7) 24. Bd4 $1 $18 {[%cal Rd4g7]} e5 25. Bb2 Rd8 (25... Na6 {keeps fighting.} 26. h4 h6) 26. Ba3 $2 (26. h4 $18) 26... c5 $2 (26... Nc6 $14) 27. Bxb4 cxb4 28. Qd5 Qb6 29. Rd2 Qe3 {[%mdl 32768] Accuracy: White = 43%, Black = 19%. . Loss on time!?} 0-1

[Event "Stay Safe Play From Home 138"]
[Site "T#645932Emanuel Laske"]
[Date "2020.05.10"]
[Round "2"]
[White "Chess_MX"]
[Black "Weltszmerc"]
[Result "0-1"]
[WhiteElo "1706"]
[BlackElo "1965"]
[Annotator "TA"]
[PlyCount "32"]
[EventDate "2020.05.10"]
[EventType "swiss (blitz)"]

{[%evp 9,32,-6,25,27,30,-110,-101,-114,-120,-166,-168,-192,-189,-252,-248,-216,-232,-247,-219,-276,-246,-249,-248,-543,-531]} 1. d4 b6 2. e4 Bb7 3. Bd3 e6 4. Nc3 Nf6 5. f3 d5 6. e5 {B00: Queen's Fianchetto Defence, Nimzowitsch Defence.} Nfd7 {[#]} 7. Nh3 $146 (7. Nce2 $11 {keeps the balance.}) ({Predecessor:} 7. Nce2 c5 8. c3 Nc6 9. Be3 Be7 10. Nh3 a5 11. a3 Ba6 12. Bc2 Rc8 13. O-O {1-0 (31) Kerr,D (1860)-Phillips,D (1646) London 2019}) 7... Qh4+ $17 {[%mdl 64] [#] Double Attack} 8. Nf2 {Black is better.} Qxd4 9. O-O Qxe5 10. Re1 {[#]} Qf6 $1 11. Ng4 (11. Nb5 $142 Na6 12. Ng4 Bc5+ 13. Be3) 11... Qd8 $19 12. f4 Bc5+ 13. Kh1 O-O 14. Ne5 Nxe5 15. fxe5 Qh4 16. Be3 $2 (16. Rf1) 16... d4 {[%mdl 64] Double Attack. Black took control after the opening. Accuracy: White = 37%, Black = 88%.} 0-1

[Event "Stay Safe Play From Home 138"]
[Site "T#645932Emanuel Laske"]
[Date "2020.05.10"]
[Round "2"]
[White "Sadbat1122"]
[Black "Dukic"]
[Result "0-1"]
[WhiteElo "1582"]
[BlackElo "1849"]
[Annotator "NA RC"]
[PlyCount "50"]
[EventDate "2020.05.10"]
[EventType "swiss (blitz)"]

1. e4 {[%emt 0:00:02]} c6 {[%emt 0:00:01]} 2. d4 {[%emt 0:00:05]} d6 {[%emt 0:00:00]} 3. Nf3 {[%emt 0:00:03]} Bg4 {[%emt 0:00:02]} 4. Be2 {[%emt 0:00:08]} Nd7 {[%emt 0:00:01]} 5. h3 {[%emt 0:00:02]} Bh5 {[%emt 0:00:03]} 6. Nc3 {[%emt 0:00:08]} Qc7 {[%emt 0:00:13]} 7. g4 {[%emt 0:00:08]} Bg6 {[%emt 0:00:03]} 8. Nh4 {[%emt 0:00:02]} e5 {[%emt 0:00:02]} 9. d5 {[%emt 0:00:07]} Ngf6 {[%emt 0:00:08]} 10. Nf5 {[%emt 0:00:11]} h5 {[%emt 0:00:29]} 11. g5 {[%emt 0:00:10]} Nxe4 {[%emt 0:00:05]} 12. Nxe4 {[%emt 0:00:15]} Bxf5 {[%emt 0:00:02]} 13. Ng3 {[%emt 0:00:06]} Bg6 {[%emt 0:00:13]} 14. dxc6 {[%emt 0:00:17]} Qxc6 {[%emt 0:00:04]} 15. Bf3 {[%emt 0:00:22]} e4 {[%emt 0:00:11]} 16. Qe2 {[%emt 0:00:22]} d5 {[%emt 0:00:07]} 17. Bxh5 {[%emt 0:00:13]} Bxh5 {[%emt 0:00:19]} 18. Nxh5 {[%emt 0:00:02]} Ne5 {[%emt 0:00:04]} 19. Nf4 {[%emt 0:00:35]} Nf3+ {[%emt 0:00:08]} 20. Kf1 {[%emt 0:00:08]} Nd4 {[%emt 0:00:07]} 21. Qg4 {[%emt 0:00:25]} Nxc2 {[%emt 0:00:49]} 22. Rb1 {[%emt 0:00:03]} d4 {[%emt 0:00:04]} 23. Qf5 {[%emt 0:00:25]} Bd6 {[%emt 0:00:26]} 24. Nd5 {[%emt 0:00:27]} e3 {[%emt 0:00:23]} 25. Qe4+ {[%emt 0:00:14]} Kf8 {[%emt 0:00:05] Time (Lag: Av=0.73s, max=1.9s)} 0-1

[Event "Stay Safe Play From Home 138"]
[Site "T#645932Emanuel Laske"]
[Date "2020.05.10"]
[Round "3"]
[White "Weltszmerc"]
[Black "Zacko1"]
[Result "1-0"]
[WhiteElo "1972"]
[BlackElo "1859"]
[Annotator "TA"]
[PlyCount "81"]
[EventDate "2020.05.10"]
[EventType "swiss (blitz)"]

{[%evp 22,81,74,64,95,80,105,97,104,103,108,96,102,73,87,79,91,91,92,87,88,94,100,79,110,91,100,84,97,68,106,106,113,54,154,148,201,224,218,197,374,356,464,244,1142,1107,29982,29983,29983,29984,29984,29985,29983,2198,2348,2028,2111,1900,29982,29982,29990,29991]} 1. d4 d5 2. c4 c6 3. Nf3 Nf6 4. g3 e6 5. Bg2 Be7 6. O-O O-O 7. Nbd2 Nbd7 8. Qc2 Re8 9. e4 dxe4 10. Nxe4 Nxe4 11. Qxe4 Nf6 12. Qe2 h6 {E09: Closed Catalan: Main Line: 7 Qc2 c6 8 Nbd2.} 13. Rd1 Qa5 {[#]} 14. Bd2 $146 ({Predecessor:} 14. Ne5 Qa6 15. b3 Bd7 16. Be3 Rad8 17. h4 Bc8 18. Qf3 Rf8 19. g4 Nd7 20. Nxd7 Bxd7 {1-0 (33) Lossin,S (2067)-Langer,M (1986) Verden 2010}) 14... Bb4 {White is better.} 15. Bf4 Qd8 16. a3 Bd6 17. Be3 Qc7 18. c5 Be7 19. Bf4 Qd8 20. Ne5 Nd5 21. Bd2 Bf6 22. Be4 Ne7 23. Bc3 Nd5 24. Be1 (24. h4 {is more complex.} g6 25. Bd2 Bg7 26. Rac1 Qc7 27. Bd3) 24... Qc7 25. Bc2 Bxe5 26. dxe5 b6 27. b4 ({Better is} 27. h4 $16) 27... b5 (27... bxc5 $14 28. bxc5 g6) 28. Qe4 $16 {And now Qh7+ would win.} g6 {[#]} (28... Kf8 $16 29. Bd2 Ke7 30. Qh4+ Kf8) 29. h4 $1 $18 h5 30. g4 Qe7 $2 (30... hxg4 31. h5 Rf8 32. hxg6 fxg6) 31. gxh5 Kg7 {Black hopes to continue with ...Rh8.} 32. Rd3 ({Don't play} 32. hxg6 Rg8 $18) (32. Bd2 $142) 32... f5 $2 (32... Rh8 33. Rg3 Rxh5) 33. exf6+ Nxf6 34. Qxg6+ Kf8 {[#]} 35. Rf3 $1 Qg7 36. Rxf6+ Kg8 37. Qxg7+ (37. h6 $142 Qxg6+ 38. Rxg6+ Kf8 39. h7 Kf7 40. Bc3 e5 41. Bxe5 Bf5 42. Rf6+ {[%mdl 64] Double Attack} Ke7 43. Bxf5) 37... Kxg7 38. Rg6+ Kf7 39. Bc3 e5 40. Re1 Rg8 41. Bb3+ {[%mdl 64] Skewer. Accuracy: White = 77%, Black = 42%.} 1-0

[Event "Stay Safe Play From Home 138"]
[Site "T#645932Emanuel Laske"]
[Date "2020.05.10"]
[Round "3"]
[White "Apitzsch"]
[Black "Kongle"]
[Result "0-1"]
[WhiteElo "1946"]
[BlackElo "1729"]
[Annotator "TA"]
[PlyCount "92"]
[EventDate "2020.05.10"]
[EventType "swiss (blitz)"]

{[%evp 9,91,45,47,21,222,58,127,132,271,112,123,-183,-180,-698,-694,-637,-440,-460,-439,-438,-421,-845,-831,-979,-965,-1029,-1020,-1016,-993,-1081,-1071,-1047,-1052,-1077,-1070,-1181,-1182,-1315,-1307,-2179,-1350,-2094,-1611,-2307,-2231,-2049,-2024,-1841,-1459,-29994,-29989,-29994,-29989,-29995,-29996,-29996,-29996,-29996,-29997,-29997,-29997,-29997,-29997,-29997,-29988,-29988,-29989,-29998,-29993,-29994,-29995,-29995,-29996,-29996,-29997,-29997,-29997,-29998,-29998,-29998,-29998,-29998,-29999,-29999]} 1. e4 e5 2. d4 exd4 3. Qxd4 Nc6 4. Qe3 b6 5. Nc3 Bc5 6. Qg3 {C22: Centre Game.} g6 $2 {[#]} (6... Nf6 $1 $11) 7. Bc4 $2 {[#]} ({Only move:} 7. Nd5 $1 $18 {[%cal Rd5c7]} Kf8 8. Nxc7) 7... Qe7 $146 ({Black should try} 7... Nf6 $14) ({Predecessor:} 7... Nf6 8. Nf3 d6 9. O-O O-O 10. Bg5 Kg7 11. Nd5 Nxe4 12. Bxd8 Nxg3 13. Bf6+ Kg8 14. hxg3 {0-1 (56) Gretic,T-Damjanovic,S (1617) Valpovo 2016}) 8. Nf3 $16 {White is better.} ({Don't go for} 8. Qxc7 $2 Bd6 $19) 8... d6 (8... Nf6 $16 {was necessary.} 9. Qh4 (9. Qxc7 $2 Bd6 $19) 9... Bb4) 9. Bg5 (9. O-O $18 {and White stays clearly on top.}) 9... f6 10. Nd5 $2 {[%mdl 8192]} (10. Bd2 $16 {stays on course.}) 10... Qxe4+ $19 {[%mdl 64] Double Attack. White is on the road to losing.} 11. Kd2 $2 (11. Be3 Qxc4 12. Nxc7+ Kf7 13. Nd2 Qxc2 14. Nxa8) 11... Qxc4 12. Nxc7+ Kf7 {aiming for ...Bf5.} 13. b3 Bb4+ 14. Kd1 Qc3 15. Rb1 {[#]} (15. Rc1 $142 Rb8 16. Nd5) 15... Bf5 $1 {[%csl Gf5][%cal Rc3c2][%mdl 512]} 16. Ne1 Qd4+ 17. Ke2 fxg5 18. Rd1 Qe4+ 19. Qe3 Qxe3+ 20. fxe3 Rc8 21. Nb5 Nf6 22. c3 a6 23. Nd4 Nxd4+ 24. cxd4 Bxe1 25. Kxe1 Rc2 26. Rd2 Rxd2 27. Kxd2 Ne4+ 28. Ke2 Rc8 {Hoping for ...Rc2+.} 29. Kf3 h5 {Black mates.} 30. h3 g4+ 31. Kf4 Kf6 {[%csl Ge4,Gf6][%cal Rg6g5]} 32. h4 {[#]} Rc2 $1 {[%cal Rc2f2][%mdl 64] Double Attack} 33. Rf1 Rxg2 34. a4 Rg3 35. a5 bxa5 36. d5 {[#]} Rf3+ $1 37. Rxf3 gxf3 38. b4 axb4 39. Kxf3 b3 40. Ke2 b2 41. Kd3 b1=Q+ 42. Kc4 Qb5+ 43. Kd4 Qb4+ 44. Kd3 Qc3+ 45. Ke2 Qd2+ {[%mdl 64] Double Attack} 46. Kf1 Qf2# {Accuracy: White = 32%, Black = 37%.} 0-1

[Event "Stay Safe Play From Home 138"]
[Site "T#645932Emanuel Laske"]
[Date "2020.05.10"]
[Round "3"]
[White "Ortznoi"]
[Black "Sfantul321"]
[Result "0-1"]
[WhiteElo "1905"]
[BlackElo "2101"]
[Annotator "TA"]
[PlyCount "94"]
[EventDate "2020.05.10"]
[EventType "swiss (blitz)"]

{[%evp 16,94,35,21,59,52,64,39,146,160,152,158,146,141,313,295,278,242,312,272,264,266,416,391,362,218,213,222,220,207,222,221,221,174,173,177,264,106,169,37,60,-89,16,0,0,-7,-14,-15,0,-515,-515,-516,-470,-544,-513,-529,-527,-529,-529,-468,-113,-101,-102,-791,-784,-4802,-4802,-29994,-29995,-29997,-29996,-29997,-29977,-29978,-29978,-29977,-29978,-29977,-29977,-29975,-5777]} 1. d4 Nf6 2. c4 e6 3. Nf3 b6 4. g3 Bb7 5. Bg2 Bb4+ 6. Bd2 Qe7 7. O-O Bxd2 8. Nbxd2 O-O 9. Qc2 Na6 {E16: Queen's Indian: 4 g3 Bb7 5 Bg2 Bb4+.} 10. e4 d6 {[#]} 11. e5 $146 ({Predecessor:} 11. a3 c5 12. e5 dxe5 13. dxe5 Nd7 14. Ng5 Qxg5 15. Bxb7 Qxe5 16. Bxa6 Nf6 17. Bb7 {1-0 (30) Tracy,J (2179)-Lesquillier,W (1729) San Francisco 2016}) 11... Nd7 {[#]} (11... dxe5 $14 12. dxe5 Ng4) 12. Ng5 $1 $16 {[%mdl 512]} Qxg5 13. Bxb7 {aiming for f4.} Nb4 14. Qc3 c5 $2 (14... Rab8 $16 {was worth a try.}) 15. Bxa8 $18 (15. exd6 Rab8 $16) 15... Rxa8 16. f4 Qh5 17. a3 Nc6 18. Nf3 (18. exd6 $6 Nxd4 19. Kg2 Qg6 $16) 18... d5 (18... h6 {was called for.} 19. Rad1 dxe5) 19. cxd5 exd5 20. Rad1 c4 21. b3 b5 22. Rde1 Re8 23. bxc4 bxc4 24. Rb1 Nf8 25. Rb7 Ne6 {[#]} (25... Qg4 $142 26. Qb2 h6) 26. Rd7 (26. Qb2 $1 $18 {is the precise move to win.}) 26... Ne7 (26... Qg4 $16 27. Rxd5 Nxf4 28. Qxc4 Nxd5 29. Qxd5 Rc8) 27. Qb4 ({White should play} 27. Ng5 $18) 27... Nf5 $14 {...Ne3 is the strong threat.} 28. Qb7 ({Avoid the trap} 28. Rxd5 $2 Ne3 $19) (28. Rxa7 $14 {stays ahead.} Ne3 29. Rf2) 28... h6 (28... Ne3 $17 29. Rf2 Nxd4) 29. Qxd5 {Hoping for Qe4.} Ne3 {[%mdl 64] Double Attack} 30. Qe4 Nxf1 31. Kxf1 {Threatens to win with Kf2.} Qh3+ $40 {[%mdl 128] Black attacks.} 32. Kg1 $2 {[%mdl 8192] [#]} ({Much worse is} 32. Ke1 Nxf4 33. e6 Nd3+ 34. Kd2 Qg2+ 35. Qe2 Qxe2+ 36. Kxe2 Rxe6+ 37. Kd2 Ra6 $15) (32. Kf2 $1 $11 Nc5 33. dxc5 Qxd7 34. c6 (34. Qxc4 Rb8 $11)) 32... Nxf4 $1 $19 {[%mdl 512]} 33. gxf4 (33. Qxf4 Qxd7) 33... Qxd7 {[%mdl 4096] Endgame KQR-KQN} 34. d5 Qg4+ 35. Kf2 c3 36. d6 Rb8 {Strongly threatening ...Rb2+.} 37. Ke3 c2 $2 (37... g5 $19 {is more deadly.} 38. Kd3 gxf4) 38. Qxc2 $17 g5 39. f5 $2 {[%mdl 8192] [#]} (39. fxg5 $17 hxg5 40. Kf2) 39... Qf4+ $1 $19 40. Kf2 g4 {[%mdl 64] Pin} 41. Qd3 Rb2+ {Black mates.} 42. Ke1 gxf3 43. d7 Qxe5+ 44. Kf1 Qe2+ 45. Qxe2 fxe2+ 46. Ke1 Rb8 47. Kxe2 Rd8 {Accuracy: White = 41%, Black = 49%.} 0-1

[Event "Stay Safe Play From Home 138"]
[Site "T#645932Emanuel Laske"]
[Date "2020.05.10"]
[Round "3"]
[White "Dukic"]
[Black "lazieri3"]
[Result "1/2-1/2"]
[WhiteElo "1855"]
[BlackElo "2073"]
[Annotator "TA"]
[PlyCount "68"]
[EventDate "2020.05.10"]
[EventType "swiss (blitz)"]

{[%evp 14,68,31,19,26,22,22,2,26,12,12,8,31,22,34,28,24,23,27,30,27,29,30,0,0,-33,-32,-34,-18,-18,-23,-53,-61,-64,-6,-69,-79,-103,-112,-129,0,0,7,0,0,0,0,0,0,0,0,0,0,0,0,0,0]} 1. c4 c6 2. Nc3 d5 3. cxd5 cxd5 4. d4 Nf6 5. Nf3 Nc6 6. Bf4 e6 7. e3 Bd6 8. Bg5 h6 {D13: Slav Defence: Exchange variation without ...Bf5.} 9. Bh4 O-O 10. Be2 Bd7 11. O-O Be7 12. Rc1 {[#]} Ne4 $146 ({Predecessor:} 12... Rc8 13. Qd2 Bb4 14. a3 Bxc3 15. bxc3 g5 16. Bg3 Ne4 17. Qb2 Nxg3 18. hxg3 Na5 19. Ne5 f6 {0-1 (50) Brineva,E (1812)-Kropachev,M (1332) Voronezh 2019}) 13. Bxe7 Nxc3 14. Bxd8 (14. Rxc3 {feels hotter.} Qxe7 15. Qb3 Na5 16. Qc2 Rac8 17. Ne5) 14... Nxd1 15. Bh4 Nxb2 16. Rb1 Na4 17. Rxb7 Nb6 18. Bg3 Rfc8 19. a3 Na5 20. Rc7 Rxc7 21. Bxc7 Rc8 22. Bxb6 axb6 {[%cal Ba7b6,Bb6b5][%mdl 32]} 23. Rb1 Nc4 (23... b5 $1 $15) 24. h3 ({Better is} 24. Ne5 $11 Nxa3 25. Ra1) 24... b5 $1 $15 25. Rb3 Ra8 26. Ne5 {[#]} Nxe5 (26... Be8 $1 $17 27. Kh2 Nxa3) 27. dxe5 $11 {The position is equal.} Kf8 28. Bxb5 Bxb5 29. Rxb5 Rxa3 {KR-KR} 30. Rb8+ Ke7 31. Rb7+ Ke8 32. Rb8+ Ke7 33. Rb7+ Kf8 34. Rb8+ Ke7 {Accuracy: White = 77%, Black = 89%.} 1/2-1/2